Sports Quiz

Random Sports or NHL Quiz

Least Successful of the Three Quiz Stats

 Plays Quiz Updated Nov 1, 2019

Score 0/14 Timer 04:00
4 Plays Today
Question Answer Wrong Answers
PA-NY Triangle
2 - 16 - 18
Buffalo
86.4%
Pittsburgh
3.7%
Philadelphia
5.6%
Midbest
0 - 1 - 7
Memphis
79.9%
Indianapolis
8.7%
Dallas
3.6%
Lake Michigan Coast
2 - 13 - 29
Milwaukee
79.9%
Green Bay
12.3%
Chicago
5.8%
'San' Trio
2 - 5 - 8
San Diego
79.3%
San Antonio
12.6%
San Francisco
4.5%
Blame Canada
0 - 16 - 26
Vancouver
74.6%
Toronto
11.7%
Montreal
12.4%
Ohio 'C's
0 - 5 - 9
Columbus
71.5%
Cincinnati
10.2%
Cleveland
15.7%
Florida test
0 - 2 - 7
Orlando
71.1%
Tampa
20.2%
Miami
4.1%
Pacific Zone
1 - 3 - 10
Portland
68.2%
Seattle
17.5%
Oakland
8.5%
Mi- states cities
3 - 14 - 22
Kansas City
66%
St. Louis
11.7%
Detroit
15.2%
Present and past capitals
4 - 9 - 9
Ottawa
58.5%
Washington D.C.
21.3%
Baltimore
13.7%
Largest markets
20 - 39 - 50
Los Angeles
57.4%
Boston
23.8%
New York
18.6%
Oil Fueled
1 - 5 - 5
New Orleans
54.2%
Edmonton
25.2%
Houston
13.2%
State Capitals
2 - 5 - 7
Atlanta
38.2%
Denver
12.7%
Minneapolis/St. Paul
43.8%
One beats zilch
0 - 1 - 1
Charlotte
35.5%
Raleigh
41.5%
Phoenix
14.8%

You're not logged in!

Compare scores with friends on all Sporcle quizzes.
OR
Log In

Sporcle TV

Today on Sporcle TV


Watch our educational content, quiz creation guides, and fun videos on Sporcle TV.

Show Comments

Extras

Top Quizzes Today


Score Distribution

Your Account Isn't Verified!

In order to create a playlist on Sporcle, you need to verify the email address you used during registration. Go to your Sporcle Settings to finish the process.

Report this User

Report this user for behavior that violates our Community Guidelines.

Details: